Geography Quiz

Random Geography or City Quiz

I-5 Oregon Quiz Stats

 Plays Quiz not verified by Sporcle

Support Sporcle.
Go Orange.
Score 0/126 Timer 10:00
0 Plays Today
County City % Correct
MultnomahPortland
96.9%
MultnomahPortland
96.9%
MultnomahPortland
96.9%
MultnomahPortland
96.9%
MultnomahPortland
96.9%
MultnomahPortland
96.9%
MultnomahPortland
96.9%
MultnomahPortland
96.9%
MultnomahPortland
96.9%
MultnomahPortland
96.9%
MultnomahPortland
96.9%
MultnomahPortland
96.9%
MultnomahPortland
96.9%
MultnomahPortland
96.9%
MultnomahPortland
96.9%
MultnomahPortland
96.9%
MultnomahPortland
96.9%
MultnomahPortland
96.9%
MultnomahPortland
96.9%
MultnomahPortland
96.9%
MarionSalem
91.3%
MarionSalem
91.3%
MarionSalem
91.3%
MarionSalem
91.3%
MarionSalem
91.3%
MarionSalem
91.3%
MarionSalem
91.3%
MarionSalem
91.3%
LaneEugene
90.3%
LaneEugene
90.3%
JacksonMedford
89.7%
JacksonMedford
89.7%
JacksonAshland
80%
JacksonAshland
80%
JacksonAshland
80%
LaneSpringfield
78.5%
LaneSpringfield
78.5%
JosephineGrants Pass
77.4%
JosephineGrants Pass
77.4%
DouglasRoseburg
76.4%
DouglasRoseburg
76.4%
DouglasRoseburg
76.4%
County City % Correct
DouglasRoseburg
76.4%
DouglasRoseburg
76.4%
LinnAlbany
75.4%
LinnAlbany
75.4%
LinnAlbany
75.4%
WashingtonTigard
71.8%
WashingtonTigard
71.8%
ClackamasWilsonville
68.7%
WashingtonWilsonville
68.7%
LinnLebanon
66.2%
WashingtonTualatin
61.5%
WashingtonTualatin
61.5%
LaneCottage Grove
59.5%
LaneCottage Grove
59.5%
LaneCottage Grove
59.5%
MarionWoodburn
59%
WashingtonLake Oswego
54.9%
WashingtonLake Oswego
54.9%
JacksonCentral Point
49.2%
JacksonCentral Point
49.2%
ClackamasCanby
47.7%
DouglasSutherlin
45.1%
DouglasSutherlin
45.1%
LinnHarrisburg
44.6%
LaneCreswell
44.1%
Jackson Phoenix
43.6%
DouglasCanyonville
43.6%
DouglasCanyonville
43.6%
DouglasCanyonville
43.6%
ClackamasCanby
43.6%
JacksonRogue River
43.1%
JacksonRogue River
43.1%
JacksonRogue River
43.1%
LaneCoburg
42.6%
DouglasTri City
42.1%
JacksonTalent
41.5%
MarionBrooks
40%
MarionAurora
40%
DouglasOakland
39.5%
DouglasOakland
39.5%
Douglas Myrtle Creek
38.5%
DouglasMyrtle Creek
38.5%
County City % Correct
DouglasYoncalla
36.9%
JacksonGold Hill
36.4%
JacksonGold Hill
36.4%
DouglasDillard
36.4%
DouglasRice Hill
36.4%
DouglasWinston
35.9%
DouglasDrain
35.9%
LinnBrownsville
35.9%
JosephineWolf Creek
35.4%
JosephineWolf Creek
35.4%
LinnMillersburg
31.3%
LinnMillersburg
31.3%
LinnMillersburg
31.3%
MarionSunnyside
31.3%
JacksonMount Ashland
30.8%
DouglasScott Valley
30.8%
LaneGoshen
29.7%
JosephineMerlin
29.2%
DouglasRiddle
28.7%
DouglasRiddle
28.7%
DouglasRiddle
28.7%
DouglasGlendale
28.2%
DouglasGlendale
28.2%
DouglasGlendale
28.2%
LaneOakridge
27.7%
DouglasCurtin
27.2%
JosephineHugo
24.6%
DouglasAzalea
23.1%
DouglasWinchester
23.1%
JacksonSiskiyou Summit
22.1%
LaneSaginaw
22.1%
JosephineSunny Valley
21%
LaneSouth Eugene
21%
DouglasAnlauf
20.5%
DouglasRice Valley
19.5%
DouglasElkhead
17.9%
DouglasElkhead
17.9%
MarionNorth Jefferson
17.4%
DouglasMetz Hill
16.9%
DouglasGreen District
16.4%
DouglasRound Prairie
13.3%
LinnDever-Corner
12.8%

You're not logged in!

Compare scores with friends on all Sporcle quizzes.
OR
Log In

From the Vault

European Cities Missing Countries

by borogove

So are they just floating in between nations?
Remove Ads.
Support Sporcle.
Get the best of Sporcle when you Go Orange. This ad-free experience offers more features, more stats, and more fun while also helping to support Sporcle. Thank you for becoming a member.

Show Comments

Extras

Created Mar 15, 2011ReportNominate
Tags:City Quiz, counties, Exit, i-5, oregon

Top Quizzes Today


Score Distribution

Your Account Isn't Verified!

In order to create a playlist on Sporcle, you need to verify the email address you used during registration. Go to your Sporcle Settings to finish the process.

Report this User

Report this user for behavior that violates our Community Guidelines.

Details: